Las aritméticas motivadas de Thorndike / (Record no. 20298)
[ view plain ]
| 000 -CABECERA | |
|---|---|
| campo de control de longitud fija | 00789nam a2200205 a 4500 |
| 001 - NÚMERO DE CONTROL | |
| campo de control | 000020794 |
| 005 - FECHA Y HORA DE LA ÚLTIMA TRANSACCIÓN | |
| campo de control | 20200930011150.0 |
| 008 - DATOS DE LONGITUD FIJA--INFORMACIÓN GENERAL | |
| campo de control de longitud fija | 100817s1924 nyua 000 0 spa d |
| 040 ## - FUENTE DE LA CATALOGACIÓN | |
| Centro catalogador/agencia de origen | DO-SdBNP |
| Lengua de catalogación | spa |
| Centro/agencia transcriptor | BPJMB |
| 082 ## - NÚMERO DE LA CLASIFICACIÓN DECIMAL DEWEY | |
| Número de clasificación | 372.7 |
| Número de documento/Ítem | L477a |
| 100 1# - ENTRADA PRINCIPAL--NOMBRE DE PERSONA | |
| Nombre de persona | Lee Thorndike, Eduardo, |
| 9 (RLIN) | 43576 |
| 245 14 - MENCIÓN DE TÍTULO | |
| Título | Las aritméticas motivadas de Thorndike / |
| Mención de responsabilidad, etc. | Eduardo Lee Thorndike ; edición castellana por Francisco Vizcarrondo, José C. Rosario. |
| 260 ## - PUBLICACIÓN, DISTRIBUCIÓN, ETC. | |
| Lugar de publicación, distribución, etc. | New York ; |
| -- | Chicago : |
| Nombre del editor, distribuidor, etc. | Rand McNally, |
| Fecha de publicación, distribución, etc. | 1924. |
| 300 ## - DESCRIPCIÓN FÍSICA | |
| Extensión | v : |
| Otras características físicas | il. ; |
| Dimensiones | 20 cm. |
| 500 ## - NOTA GENERAL | |
| Nota general | La biblioteca posse el Libro Primero. |
| 650 #4 - PUNTO DE ACCESO ADICIONAL DE MATERIA--TÉRMINO DE MATERIA | |
| Término de materia o nombre geográfico como elemento de entrada | Matemáticas |
| Subdivisión general | Enseñanza básica |
| 9 (RLIN) | 43577 |
| 650 #4 - PUNTO DE ACCESO ADICIONAL DE MATERIA--TÉRMINO DE MATERIA | |
| Término de materia o nombre geográfico como elemento de entrada | Matemáticas |
| Subdivisión general | Enseñanza |
| -- | Libros de texto |
| 9 (RLIN) | 43578 |
| 700 1# - PUNTO DE ACCESO ADICIONAL--NOMBRE DE PERSONA | |
| Nombre de persona | Vizcarrondo, Francisco, |
| Término indicativo de función/relación | ed. |
| 9 (RLIN) | 43579 |
| 700 1# - PUNTO DE ACCESO ADICIONAL--NOMBRE DE PERSONA | |
| Nombre de persona | Rosario, José C., |
| Término indicativo de función/relación | ed. |
| 9 (RLIN) | 43580 |
No items available.
